Normal view
MARC view
- शेख एम.ए
Entry Personal Name
001 - CONTROL NUMBER
- control field: 60198
003 - CONTROL NUMBER IDENTIFIER
- control field: OSt
005 - DATE AND TIME OF LATEST TRANSACTION
- control field: 20220806110103.0
008 - FIXED-LENGTH DATA ELEMENTS
- fixed length control field: 220806|| aca||aabn | a|a d
040 ## - CATALOGING SOURCE
- Original cataloging agency: OSt
- Transcribing agency: OSt
100 ## - HEADING--PERSONAL NAME
- Personal name: शेख एम.ए
670 ## - SOURCE DATA FOUND
- Source citation: Work cat.: (OSt)34411: शेख एम.ए., हिताच्या चार गोष्टी, 2007